Income Tax, VAT & Sevise Tax (Record no. 676)

MARC details
000 -LEADER
fixed length control field 00411nam a22001697a 4500
005 - DATE AND TIME OF LATEST TRANSACTION
control field 20180319111548.0
008 - FIXED-LENGTH DATA ELEMENTS--GENERAL INFORMATION
fixed length control field 160512b xxu||||| |||| 00| 0 eng d
020 ## - INTERNATIONAL STANDARD BOOK NUMBER
ISBN 978-81-8159-402-0
041 ## - LANGUAGE CODE
Language code of text/sound track or separate title eng
082 ## - DEWEY DECIMAL CLASSIFICATION NUMBER
Item number 1756
Classification number 336.24
100 ## - MAIN ENTRY--AUTHOR NAME
Personal name Manoharan T.N.
245 ## - TITLE STATEMENT
Title Income Tax, VAT & Sevise Tax
260 ## - PUBLICATION, DISTRIBUTION, ETC. (IMPRINT)
Place of publication MUMBAI
Name of publisher SNOW WHITE
Year of publication 1996
300 ## - PHYSICAL DESCRIPTION
Number of Pages 819
650 ## - SUBJECT ADDED ENTRY--TOPICAL TERM
Topical Term Management
942 ## - ADDED ENTRY ELEMENTS (KOHA)
Koha item type Books
Holdings
Lost status Damaged status Collection code Home library Current library Shelving location Date acquired Cost, normal purchase price Full call number Accession Number Koha item type
    Reference JRU Library   SHELF-30-A 12/05/2016 475.00 336.24 1756 Books
    LAW JRU Library JRU Library SHELF-32-F 12/05/2016 475.00 336.24 1757 Books